1936 1460 1684 1337 1228 1401 1986 1793 1788 1783 1686 1532 1784 1957 1306 1047 1497 1396 1680 1431 1487 1800 1511 1880 1791 1435 1084 1870 1275 1272 1388 1823 1827 1065 1953 1415 1329 1913 1807 1139 1455 1073 1541 1407 1770 1398 1999 1043 1440 1333 1606 1833 1962 1775 1537 1366 1488 1531 1382 1846 1618 1310 1464 1442 1462 1297 1522 1002 1875 1253 1691 1405 1058 1208 1875 1594 1296 1108 1258 1664 1324 1788 1090 1331 1567 1378 1203 1436 1719 1704 1698 1085 1202 1754 1743 1180 1379 1915 1758 BCNSPRNW ULIB Ver.6.0+V

เปลี่ยนเป็นภาษาไทย

Change to English
 แสดงรายละเอียดบรรณานุกรม
  กลับหน้าหลัก

Brief Record : Get Marc (ISO 2709) : E-mail record : QR code < ปิดหน้าต่าง
LEADER : 00000nam 2200000uu 4500
001    13399126136
003     ULIB
008    180612s2009||||th 000 0 tha d
020    ^a9780521677028
050 00 ^aPE1128^bC172^cV.5
245 10 ^aCambridge practice tests for IELTS 5
260    ^aCambridge :^bCambridge University Press,^c2009
300    ^a176 p.:^bill. ;^c25 cm.
650 00 ^aInternational English Language Testing System.
650 00 ^aEnglish language^xExaminations, questions, etc.
650 00 ^aEnglish language^xTextbooks for foreign speakers
945    ^p530^l0^i004232
999    ^aวรรณษา ชูชัยมงคล
รายการนี้ยังไม่มีแท็ก
คุณยังไม่ได้ล็อกอิน คุณสามารถมีกิจกรรมร่วมกับเว็บไซต์ได้ แต่ต้องล็อกอินก่อน ::
  ล็อกอิน

รายการสื่อสารสนเทศ

ลำดับที่ ประเภท เลขเรียก/บาร์โค้ด สถานที่ สถานะ
1. วิทยาศาสตร์การแพทย์ และสุขภาพ
หนังสือสำรอง
สถานะ=หนังสือสำรอง
PE1128 C172 V.5 ฉ.1 
  Barcode: 004232
ห้องสมุดวิทยาเขตสวรรค์ประชารักษ์
►หนังสือทั่วไป
บนชั้น

รายการใกล้เคียง
    ชื่อเรื่อง [Cambridge practice tests for IELTS 5]

    หัวเรื่อง [International English Language Testing System.]

BibComment


ยังไม่เคยถูกคอมเมนท์

คอมเมนท์ทรัพยากรรายการนี้
  คอมเมนท์: Cambridge practi..


 Copyright 2026. Bcnsprnw @Library